000 00545nam a2200205 a 4500
005 20240228063850.0
008 031105s1992 mx r 000 0 spa d
020 _a9683906931
035 _aUPN01000130678
049 _aI
050 4 _aGV423
_bB4.3
100 1 _aBennett, Manuel
245 1 0 _aDeportes olímpicos 1 /
_cManuel Bennett.
260 _aMéxico :
_bPatria,
_c1992.
300 _a31 p.
440 0 _aPiñata.
_pLa vida social
650 2 _aDeportes
_912162
650 4 _aLibros y lectura para niños
_92290
905 _aInfantil
999 _c102835
_d102835